000
00304nam a22001337a 4500
999
_c
533082
_d
533082
003
NUST
038
_a
M.Ramzan
082
_a
823
_b
BRA
100
_a
Bradbvy, Luke,
_9
26766
245
_a
under cover the adventure of a real../
260
_a
London:
_b
Avon,
_c
2008.
300
_a
324 p, :
942
_2
ddc
_c
BK